[Event "Sachsen-ch U14"]
[Site "Sebnitz"]
[Date "2007.04.13"]
[Round "6"]
[White "Fittkau, Nico"]
[Black "Thieme, Alexander"]
[Result "1-0"]
[WhiteElo "1458"]
[BlackElo "1040"]
[PlyCount "71"]
[EventDate "2007.04.10"]
[EventType "swiss"]
[EventRounds "7"]
[EventCountry "GER"]
[SourceTitle "EXT 2008"]
[Source "ChessBase"]
[SourceDate "2007.11.25"]
[SourceVersion "1"]
[SourceVersionDate "2007.11.25"]
[SourceQuality "1"]

1. e4 e5 2. Nf3 Nc6 3. Bb5 Bc5 4. 0-0 d6 5. c3 Nf6 6. d4 Bb6 7. d5 a6 8. Ba4 Bd7 9. dxc6 Bxc6 10. Bxc6+ bxc6 11. Bg5 0-0 12. Nbd2 h6 13. Bh4 c5 14. Qe2 a5 15. Rad1 Qe7 16. Nc4 Rac8 17. Nxb6 cxb6 18. Qd3 Rfd8 19. Qb5 g5 20. Bg3 Nxe4 21. Rfe1 Nf6 22. h4 g4 23. Nd2 Qc7 24. Ne4 Nxe4 25. Rxe4 h5 26. Qc4 Kg7 27. Rde1 f6 28. Qf1 Kg6 29. R4e3 f5 30. Bxe5 dxe5 31. Rxe5 Rd6 32. Qe2 Rcd8 33. Qe3 Kf6 34. Qg5+ Kf7 35. Re7+ Qxe7 36. Rxe7+ 1-0

[Event "Sachsen-ch U14"]
[Site "Sebnitz"]
[Date "2007.04.13"]
[Round "5"]
[White "Funke, Johannes"]
[Black "Thieme, Alexander"]
[Result "1-0"]
[WhiteElo "1361"]
[BlackElo "1040"]
[PlyCount "121"]
[EventDate "2007.04.10"]
[EventType "swiss"]
[EventRounds "7"]
[EventCountry "GER"]
[SourceTitle "EXT 2008"]
[Source "ChessBase"]
[SourceDate "2007.11.25"]
[SourceVersion "1"]
[SourceVersionDate "2007.11.25"]
[SourceQuality "1"]

1. e4 e5 2. Nf3 Nc6 3. d4 Bd6 4. d5 Nce7 5. Bd3 Nf6 6. 0-0 c6 7. c4 Bc7 8. Bc2 d6 9. Qd3 c5 10. b3 b6 11. Bb2 Bg4 12. Nc3 a6 13. Nd2 h6 14. f4 exf4 15. Rxf4 Ng6 16. Rf2 Ne5 17. Qe3 Nh5 18. h3 Bd7 19. Nf3 Nxf3+ 20. Qxf3 Nf6 21. Ne2 Qe7 22. Bxf6 gxf6 23. Qxf6 Qxf6 24. Rxf6 0-0-0 25. Rxf7 Rdg8 26. Kh2 Bd8 27. Ng3 Rg6 28. Nf5 Rhg8 29. Rg1 h5 30. Ne7+ Bxe7 31. Rxe7 Rg3 32. Bd1 Bxh3 33. Bf3 h4 34. Rh7 Bg4 35. Bxg4+ R8xg4 36. Rxh4 Rxh4+ 37. Kxg3 Rxe4 38. Kf3 Re8 39. Rh1 Rf8+ 40. Ke4 Rf2 41. g4 Kd8 42. Rh6 Ke7 43. Re6+ Kd7 44. g5 Rf7 45. g6 Rf8 46. g7 Rg8 47. Rg6 Ke7 48. Kf5 Kf7 49. Rg5 b5 50. Rg6 bxc4 51. bxc4 a5 52. Rxd6 Rxg7 53. Rd7+ Kf8 54. Rxg7 Kxg7 55. Ke6 Kf8 56. Kd7 Kf7 57. Kc7 Kf6 58. d6 Ke6 59. d7 Ke5 60. d8Q Ke4 61. Qe8+ 1-0

[Event "Sachsen-ch U14"]
[Site "Sebnitz"]
[Date "2007.04.11"]
[Round "3"]
[White "Thieme, Alexander"]
[Black "Hoffmann, Jakob"]
[Result "1/2-1/2"]
[WhiteElo "1040"]
[BlackElo "1041"]
[PlyCount "58"]
[EventDate "2007.04.10"]
[EventType "swiss"]
[EventRounds "7"]
[EventCountry "GER"]
[SourceTitle "EXT 2008"]
[Source "ChessBase"]
[SourceDate "2007.11.25"]
[SourceVersion "1"]
[SourceVersionDate "2007.11.25"]
[SourceQuality "1"]

1. e4 d6 2. d4 g6 3. Nf3 Nf6 4. Nc3 Bg7 5. h3 0-0 6. Be3 Nbd7 7. Qd2 e5 8. d5 Nc5 9. Bd3 c6 10. b4 Nxd3+ 11. cxd3 cxd5 12. Nxd5 Nxd5 13. exd5 e4 14. Bd4 Bxd4 15. Nxd4 Qf6 16. Qc3 Re8 17. 0-0 Bf5 18. g4 Qg5 19. Qc1 Qxc1 20. Raxc1 Bd7 21. f3 exd3 22. Rc7 d2 23. Kf2 Ba4 24. Nb3 Bb5 25. Rd1 Re2+ 26. Kg3 Ba4 27. Rxd2 Rxd2 28. Nxd2 b6 29. Ne4 a5 1/2-1/2

[Event "Sachsen-ch U14"]
[Site "Sebnitz"]
[Date "2007.04.10"]
[Round "1"]
[White "Thieme, Alexander"]
[Black "Le Minh, Viet"]
[Result "0-1"]
[WhiteElo "1040"]
[BlackElo "1545"]
[PlyCount "62"]
[EventDate "2007.04.10"]
[EventType "swiss"]
[EventRounds "7"]
[EventCountry "GER"]
[SourceTitle "EXT 2008"]
[Source "ChessBase"]
[SourceDate "2007.11.25"]
[SourceVersion "1"]
[SourceVersionDate "2007.11.25"]
[SourceQuality "1"]

1. e4 e6 2. Nf3 d5 3. e5 c5 4. b3 Nc6 5. Bb2 Be7 6. Bb5 a6 7. Bxc6+ bxc6 8. d3 Nh6 9. Nbd2 0-0 10. h4 a5 11. h5 f5 12. d4 Qb6 13. Qe2 Ba6 14. c4 cxd4 15. Bxd4 c5 16. Bb2 a4 17. 0-0 axb3 18. axb3 dxc4 19. Nxc4 Qxb3 20. Rac1 Rfb8 21. Rc2 Bxc4 22. Rxc4 Qxb2 23. Rc2 Qb5 24. Qd1 Rd8 25. Rd2 Rxd2 26. Qxd2 Rd8 27. Qa2 c4 28. Rc1 Qb3 29. Qxb3 cxb3 30. Rb1 Ng4 31. Rxb3 Rd1+ 0-1